000 00372nam a2200145Ia 4500
008 230917s9999||||xx |||||||||||||| ||und||
040 _e82706
_aMAIN
041 _aEnglish
082 _a152 G826P
100 _aGreen, Simon
245 0 _aPsychological Psychology: An introduction
260 _aLondon
_bRoutledge & Kegan Paul
_c1987
300 _axv, 393 p.
942 _cBK
999 _c64438
_d64438